| 000 | 00814nam a2200301Ia 4500 | ||
|---|---|---|---|
| 001 | 79959 | ||
| 003 | IT-RoPAU | ||
| 008 | 130308s9999 xx 000 0 und d | ||
| 040 | _aIT-RoPAU | ||
| 040 | _cIT-RoPAU | ||
| 041 | _aFRANCESE | ||
| 100 | _aFaivre Bernard | ||
| 100 | _gCodice Aut. SPICS: 24978 | ||
| 245 | _aActeur et le jongleur (L') | ||
| 245 | _bTheatre En France (Le)-1-Du moyen Age a 1789 | ||
| 250 | _a1a ed. | ||
| 260 | _aPARIS | ||
| 260 | _bColin Armand | ||
| 260 | _c1988 [1° Ed.:1988 - Ed.Ling.Originale:1988] | ||
| 300 | _a"8 p. (prefazione: no ; testo: 8 [pagine: 33-40])" | ||
| 500 | _aAttore e Giocoliere mimo e Narratore | ||
| 650 | _aSTORIA NAZIONALE DEL TEATRO | ||
| 650 | _eCodice materia Spics: 8409 | ||
| 942 | _cBK | ||
| 957 | _71 | ||
| 999 |
_c62264 _d62264 |
||
| 999 | _bSI | ||
| 999 | _g1 | ||